The Luwian civilization : the missing link in the Aegean Bronze Age /

Saved in:

Main Author: Zangger, Eberhard (Author)

Format: Book

Language: English

Published: Istanbul : Ege Yayinlari, 2016.

Subjects:

Tags: Add Tag

No Tags, Be the first to tag this record!

Call Number: DS59 .L86 Z36 2016

LEADER 01130namaa2200277 4500
003 OSt
005 20260312125934.0
008 130303s2016 tu ab b 000 0 eng d
020 |a 9786059680110 
040 |c ARCE Library 
050 4 |a DS59 .L86 Z36 2016 
100 1 |a Zangger, Eberhard,  |e author  |9 42602 
245 1 4 |a The Luwian civilization :   |b the missing link in the Aegean Bronze Age /   |c Eberhard Zangger. 
264 1 |a Istanbul :  |b Ege Yayinlari,  |c 2016. 
300 |a 292 pages, 2 unnumbered pages :  |b illustrations (color), maps ;  |c 21 cm. 
500 |a Includes glossary. 
504 |a Includes bibliographical references (pages 283-292) 
505 0 |a 1. Prologue -- 2. A New Perspective of the Aegean Bronz Age -- 3. The Luwians 4. Bronz Age -- 5. Troy -- 6. The Sea Peoples -- 7. Iron Age -- 8. Sources -- 9. Luwian Studies and its Goals -- 10. Epilogue -- 11. Appendices. 
650 0 |a Luwians  |x Civilization. 
650 0 |a Inscriptions, Luwain. 
651 0 |a Turkey   |x Civilization. 
651 0 |a Turkey -- Antiquities. 
651 0 |a Middle East -- Antiquities. 
901 |a reviewed 
942 |c BK  |2 lcc 
999 |c 1555  |d 1555